Historia y valores / (Registro nro. 14721)
[ vista simple ]
| 000 -LIDER | |
|---|---|
| fixed length control field | 00849nam a22002537a 4500 |
| 003 - IDENTIFICACDOR DE NÚMERO DE CONTROL | |
| control field | DO-SdBNP |
| 005 - DATE AND TIME OF LATEST TRANSACTION | |
| control field | 20240809131202.0 |
| 008 - ELEMENTOS DE LONGITUD FIJA | |
| fixed length control field | 1511262010 mx || 00| 0 spa d |
| 020 ## - ISBN | |
| International Standard Book Number | 9687854324 (o.c) |
| 040 ## - FUENTE DE CATALOGACIÓN | |
| Agencia que crea de manera original el registro | BPMSU |
| Idioma de catalogación | spa |
| Agencia que realiza la transcripción | BPMSU |
| 082 #4 - NÚMERO DE CLASIFICACIÓN DECIMAL DE DEWEY | |
| Classification number | 370.115 |
| Item number | H673v 2010 |
| Edition number | 22 |
| 245 10 - MENCIÓN DE TITULO | |
| Título | Historia y valores / |
| Mención de responsabilidad | compiladora Olivia Trejo López ; ilustraciones Carmen Mayanin Rodríguez Orozco |
| 260 ## - PUBLICACIÓN, DISTRIBUCIÓN, ETC. (PIE DE IMPRENTA) | |
| Lugar de publicación, distribución, etc | México : |
| Nombre del editor, distribuidor, etc. | Lexus, |
| Fecha de publicación, distribución, etc | 2010 |
| 300 ## - DESCRIPCIÓN FÍSICA | |
| Extensión | 400 p. : |
| Otros detalles físicos | il. ; |
| Dimensiones | 27 cm. |
| 590 ## - NOTA LOCAL | |
| Texto de la nota local | Inventariado, 2024/VM |
| 650 #4 - ENCABEZAMIENTO DE MATERIA--TEMÁTICO | |
| Término temático o nombre geográfico como elemento de entrada | Educación en valores |
| 650 #4 - ENCABEZAMIENTO DE MATERIA--TEMÁTICO | |
| Término temático o nombre geográfico como elemento de entrada | Valores (filosofìa ) |
| Subdivisión temática general | Aspectos morales |
| 650 #4 - ENCABEZAMIENTO DE MATERIA--TEMÁTICO | |
| Término temático o nombre geográfico como elemento de entrada | Libros y lectura para niños |
| 700 1# - ASIENTO SECUNDARIO -- NOMBRE PERSONAL | |
| Nombre personal | Rodríguez Orozco, Magdalena |
| Mención de responsabilidad | ilustraciones |
| 700 1# - ASIENTO SECUNDARIO -- NOMBRE PERSONAL | |
| Nombre personal | Trejo López, Olivia |
| Mención de responsabilidad | compiladora |
| 710 2# - ASIENTO SECUNDARIO -- NOMBRE CORPORATIVO | |
| Nombre corporativo o de jurisdicción | Lexus |
| 910 ## - VALIDACIÓN | |
| Validación | VMateo V. Contorl de calidad. BPMSU |
| 942 ## - ADDED ENTRY ELEMENTS (KOHA) | |
| Source of classification or shelving scheme | Dewey Decimal Classification |
| Koha item type | Libros |
| Withdrawn status | Lost status | Source of classification or shelving scheme | Damaged status | Not for loan | Collection code | Home library | Current library | Date acquired | Total Checkouts | Full call number | Barcode | Date last seen | Price effective from | Koha item type | Copy number |
|---|---|---|---|---|---|---|---|---|---|---|---|---|---|---|---|
| Dewey Decimal Classification | Colección Infantil General | Biblioteca Pública Metropolitana Salomé Ureña | Biblioteca Pública Metropolitana Salomé Ureña | 07/08/2024 | BPMSU CGI 370.115 H673v 2010 | BPMSU24070031 | 07/08/2024 | 07/08/2024 | Libros | ||||||
| Dewey Decimal Classification | Colección Infantil General | Biblioteca Pública Metropolitana Salomé Ureña | Biblioteca Pública Metropolitana Salomé Ureña | 07/08/2024 | BPMSU CGI 370.115 H673v 2010 | BPMSU24080032 | 08/09/2024 | 07/08/2024 | Libros | e.2 |